Trouver l'acteur - Statistiques

Statistiques générales
  • Ce quiz a été pris 160 fois
  • Le résultat moyen est 12 sur 20
Statistiques - réponses
Film Personnage Acteur % Correct
Pirates des Caraïbes Jack Sparrow Johnny Depp
97%
Titanic Jack Dawson Leonardo DiCaprio
96%
Scarface Tony Montana Al Pacino
79%
The Mask Stanley Ipkiss Jim Carrey
79%
Top Gun Pete Mitchell Tom Cruise
76%
La Ligne verte Paul Edgecomb Tom Hanks
74%
Fight Club Tyler Durden Brad Pitt
72%
Pulp Fiction Vincent Vega John Travolta
70%
Star Wars Han Solo Harrison Ford
67%
Taxi Driver Travis Bickle Robert De Niro
65%
Bad Boys Mike Lowrey Will Smith
62%
Terminator T-800 Arnold Schwarzenegger
60%
Matrix Neo Keanu Reeves
56%
Le Parrain Vito Corleone Marlon Brando
52%
Joker Le Joker Joaquin Phoenix
49%
Les Evadés Red Morgan Freeman
41%
Un jour sans fin Phil Connors Bill Murray
34%
Usual Suspects Verbal Kint Kevin Spacey
32%
Training Day Alonzo Harris Denzel Washington
31%
Elephant Man John Merrick John Hurt
14%
Aucun quiz correspondant
Distribution des résultats
% des personnes avec chaque résultat
Percentile par nombre de réponses
Votre historique - résultats
Vous n’avez pas pris ce quiz